10 państw Afryki z najwyższym HDI - Statystyki

Ogólne statystyki
  • Ten quiz został rozwiązany 5 373 razy
    5 077 od ostatniego zresetowania
  • Średni wynik to 7 z 10
Statystyki odpowiedzi
HDI Populacja Państwo % Poprawnych
0,713 59,1 mln Republika Południowej Afryki
95%
0,731 108 mln Egipt
94%
0,683 37,5 mln Maroko
89%
0,745 43,8 mln Algieria
83%
0,731 12,2 mln Tunezja
76%
0,785 106 tys Seszele
67%
0,718 6,7 mln Libia
63%
0,802 1,3 mln Mauritius
47%
0,693 2,57 mln Botswana
36%
0,706 2,32 mln Gabon
24%
Nie znaleziono quizów pasujących do podanych kryteriów
Rozkład punktacji
Procent ludzi z każdym wynikiem
Percentyl według liczby udzielonych odpowiedzi
Twoja historia wyników
Nie rozwiązałeś tego quizu od ostatniego zresetowania